Alternativas de tratamiento para la descarga líquida del sistema de tratamiento de emisiones al aire en una planta formadora de papel

Uloženo v:
Podrobná bibliografie
Hlavní autor: Madriz Pérez, Adriana
Médium: Kniha
Vydáno: San José, C.R. 2002
Témata:
Tagy: Přidat tag
Žádné tagy, Buďte první, kdo vytvoří štítek k tomuto záznamu!

MARC

LEADER 00000nam a2200000Ia 4500
003 008865
005 20221231144157.0
008 140114s2002 cr a m 000 ||s d
040 |c cru CEDI 
090 |a TFG 4425 
100 |a Madriz Pérez, Adriana   |9 7543 
245 |a Alternativas de tratamiento para la descarga líquida del sistema de tratamiento de emisiones al aire en una planta formadora de papel  
260 |c 2002  |a  San José, C.R. 
300 |a  x, 106 hojas  
500 |a  Proyecto de graduación (licenciatura en ingeniería química)--Universidad de Costa Rica. Facultad de Ingeniería. Escuela de Ingeniería Química 
650 |x AGUAS RESIDUALES   |x PURIFICACION DE AGUAS RESIDUALES  |9 7544 
942 |c TFG 
999 |c 18016  |d 18016